[Event "GER-ch Women 2020"]
[Site "Magdeburg"]
[Date "2020.08.16"]
[Round "1.9"]
[White "Hielscher, Ursula"]
[Black "Rogozenco, Teodora"]
[Result "1-0"]
[WhiteElo "1789"]
[BlackElo "1979"]
[Annotator "ChessBase"]
[PlyCount "79"]
[EventDate "2020.08.16"]
[EventType "swiss"]
[EventCountry "GER"]
[SourceTitle "playchess.com"]
[Source "ChessBase"]
[SourceQuality "1"]
[TimeControl "40/5400+30:1800+30"]

1. d4 {[%emt 0:00:00]} Nf6 {[%emt 0:00:00]} 2. c4 {[%emt 0:00:00]} e6 {[%emt 0:00:04]} 3. Nc3 {[%emt 0:00:00]} Bb4 {[%emt 0:00:11]} 4. Bd2 {[%emt 0:00:14]} b6 {[%emt 0:03:19]} 5. e3 {[%emt 0:03:24]} Bb7 {[%emt 0:00:19]} 6. Nf3 {[%emt 0:00:07]} O-O {[%emt 0:01:45]} 7. Be2 {[%emt 0:02:31]} d6 {[%emt 0:15:06]} 8. O-O {[%emt 0:04:39]} Nbd7 {[%emt 0:00:18]} 9. a3 {[%emt 0:04:28]} Bxc3 {[%emt 0:00:12]} 10. Bxc3 {[%emt 0:00:04]} Ne4 {[%emt 0:00:12]} 11. Be1 {[%emt 0:01:52]} f5 {[%emt 0:04:39]} 12. Nd2 {[%emt 0:06:17]} Qg5 {[%emt 0:03:12]} 13. f4 {[%emt 0:03:02]} Qh6 {[%emt 0:19:57]} 14. Rf3 {[%emt 0:05:23]} Rf6 {[%emt 0:18:42]} 15. Rh3 {[%emt 0:03:45]} Qg6 {[%emt 0:02:30]} 16. Bh5 {[%emt 0:01:49]} Qh6 {[%emt 0:00:05]} 17. Nxe4 {[%emt 0:07:58]} Bxe4 {[%emt 0:00:21]} 18. Bh4 {[%emt 0:00:56]} Rg6 {[%emt 0:02:20]} 19. Bg5 {[%emt 0:11:21]} Rxg5 {[%emt 0:00:17]} 20. fxg5 {[%emt 0:00:04]} Qxg5 {[%emt 0:00:09]} 21. Rg3 {[%emt 0:00:16]} Qe7 {[%emt 0:03:04]} 22. Bf3 {[%emt 0:01:46]} Nf6 {[%emt 0:00:11]} 23. Bxe4 {[%emt 0:06:13]} fxe4 {[%emt 0:00:05]} 24. Qc2 {[%emt 0:03:15]} a5 {[%emt 0:03:32]} 25. Rc1 {[%emt 0:05:28]} a4 {[%emt 0:00:38]} 26. c5 {[%emt 0:03:30]} bxc5 {[%emt 0:00:18]} 27. dxc5 {[%emt 0:00:05]} d5 {[%emt 0:00:06]} 28. c6 {[%emt 0:03:28]} e5 {[%emt 0:09:47]} 29. Qc3 {[%emt 0:03:54]} h6 {[%emt 0:01:34]} 30. Rf1 {[%emt 0:00:42]} Qe6 {[%emt 0:00:41]} 31. Rg6 {[%emt 0:03:55]} Kh7 {[%emt 0:02:07]} 32. Rg3 {[%emt 0:00:43]} Rb8 {[%emt 0:01:24]} 33. Qa5 {[%emt 0:03:02]} Qxc6 {[%emt 0:00:25]} 34. Qd2 {[%emt 0:01:19]} Qd7 {[%emt 0:02:43]} 35. Qf2 {[%emt 0:03:42]} d4 {[%emt 0:03:25]} 36. Qd2 {[%emt 0:03:37]} c5 {[%emt 0:00:21]} 37. Rc1 {[%emt 0:00:36]} Qb5 {[%emt 0:00:39]} 38. exd4 {[%emt 0:00:57]} cxd4 {[%emt 0:01:27]} 39. Rc7 {[%emt 0:01:11]} Rb7 {[%emt 0:02:39]} 40. Rgxg7+ {[%emt 0:00:08]} 1-0

[Event "GER-ch Women 2020"]
[Site "Magdeburg"]
[Date "2020.08.16"]
[Round "1.10"]
[White "Bashylina, Luisa"]
[Black "Roos, Karin"]
[Result "1-0"]
[WhiteElo "1975"]
[BlackElo "1772"]
[Annotator "NA"]
[PlyCount "47"]
[EventDate "2020.08.16"]
[EventType "swiss"]
[EventCountry "GER"]
[SourceTitle "playchess.com"]
[Source "ChessBase"]
[SourceQuality "1"]
[TimeControl "40/5400+30:1800+30"]

1. e4 {[%emt 0:00:00]} c5 {[%emt 0:00:00]} 2. Nf3 d6 {[%emt 0:00:07]} 3. d4 {[%emt 0:00:00]} cxd4 {[%emt 0:00:16]} 4. Qxd4 {[%emt 0:00:06]} Nc6 {[%emt 0:02:23]} 5. Bb5 {[%emt 0:00:36]} e5 {[%emt 0:05:25]} 6. Qd3 Nf6 {[%emt 0:13:09] B53: Sicilian: 2...d6: Lines with Qxd4.} 7. Bg5 {[%emt 0:05:35]} Be7 {[%emt 0:00:49]} 8. c4 {[%emt 0:08:04]} O-O {[%emt 0:01:19]} 9. Bxc6 {[%emt 0:06:46]} bxc6 {[%emt 0:00:51]} 10. Nc3 {[%emt 0:00:40] [#]} Qc7 $146 {[%emt 0:12:42]} ({Predecessor:} 10... Be6 11. O-O Rb8 12. b3 Qa5 13. Rac1 Rbd8 14. Rfd1 h6 15. Bxf6 Bxf6 16. Qb1 Qb4 {0-1 (47) Scripcaru,G (1907)-Daianu,C (2242) Sarata Monteoru 2012}) 11. O-O {[%emt 0:01:47]} Ba6 {[%emt 0:03:08]} 12. b4 {[%emt 0:14:03]} Rab8 {[%emt 0:08:12]} 13. b5 {[%emt 0:14:42]} cxb5 {[%emt 0:01:35]} 14. cxb5 {[%emt 0:00:08]} Bb7 {[%emt 0:00:45]} 15. Rac1 {[%emt 0:02:17]} Qd7 {[%emt 0:02:12]} 16. Rfd1 {[%emt 0:02:37]} Rfd8 {[%emt 0:01:25]} 17. Qe3 {[%emt 0:06:02]} a6 {[%emt 0:10:13]} 18. bxa6 {[%emt 0:07:18]} Bxa6 {[%emt 0:10:15]} 19. Nxe5 {[%emt 0:01:10]} Qe6 {[%emt 0:01:27]} 20. Nc6 {[%emt 0:01:21]} h6 {[%emt 0:04:22]} 21. Nxd8 {[%emt 0:02:58]} Rxd8 {[%emt 0:00:14]} 22. Bxf6 {[%emt 0:00:40]} Bxf6 $18 {[%emt 0:00:43]} 23. Nd5 {[%emt 0:01:23]} Be5 {[%emt 0:04:50]} 24. Qb6 1-0

[Event "GER-ch Women 2020"]
[Site "Magdeburg"]
[Date "2020.08.16"]
[Round "1.11"]
[White "Dietrich, Mareike"]
[Black "Kuehnel, Lena"]
[Result "1-0"]
[WhiteElo "1699"]
[BlackElo "1972"]
[Annotator "ChessBase"]
[PlyCount "115"]
[EventDate "2020.08.16"]
[EventType "swiss"]
[EventCountry "GER"]
[SourceTitle "playchess.com"]
[Source "ChessBase"]
[SourceQuality "1"]
[TimeControl "40/5400+30:1800+30"]

1. e4 {[%emt 0:00:00]} e5 {[%emt 0:00:00]} 2. Nf3 {[%emt 0:00:00]} Nc6 {[%emt 0:00:00]} 3. Bc4 {[%emt 0:00:00]} Nf6 {[%emt 0:00:00]} 4. d4 {[%emt 0:00:00]} exd4 {[%emt 0:00:00]} 5. O-O {[%emt 0:00:00]} Nxe4 {[%emt 0:00:43]} 6. Re1 {[%emt 0:00:00]} d5 {[%emt 0:00:15]} 7. Bxd5 {[%emt 0:00:03]} Qxd5 {[%emt 0:00:09]} 8. Nc3 {[%emt 0:00:03]} Qa5 {[%emt 0:00:55]} 9. Nxe4 {[%emt 0:00:07]} Be6 {[%emt 0:01:16]} 10. Neg5 {[%emt 0:01:05]} O-O-O {[%emt 0:00:55]} 11. Nxe6 {[%emt 0:00:58]} fxe6 {[%emt 0:00:06]} 12. Rxe6 {[%emt 0:00:07]} Bd6 {[%emt 0:02:11]} 13. Bg5 {[%emt 0:01:20]} Rde8 {[%emt 0:01:15]} 14. Qe2 {[%emt 0:03:14]} Kd7 {[%emt 0:01:43]} 15. Rxe8 {[%emt 0:02:31]} Rxe8 {[%emt 0:00:05]} 16. Qd3 {[%emt 0:00:04]} h6 {[%emt 0:01:50]} 17. Bh4 {[%emt 0:20:51]} g5 {[%emt 0:07:38]} 18. Bg3 {[%emt 0:00:10]} g4 {[%emt 0:04:17]} 19. Nd2 {[%emt 0:03:56]} Bxg3 {[%emt 0:22:09]} 20. hxg3 {[%emt 0:02:43]} Qe5 {[%emt 0:05:17]} 21. Nb3 {[%emt 0:10:53]} Re6 {[%emt 0:16:50]} 22. Rd1 {[%emt 0:05:27]} Rd6 {[%emt 0:03:30]} 23. Kf1 {[%emt 0:09:47]} Qh5 {[%emt 0:10:43]} 24. Qh7+ {[%emt 0:05:28]} Kc8 {[%emt 0:03:08]} 25. Qg8+ {[%emt 0:02:53]} Rd8 {[%emt 0:01:54]} 26. Qe6+ {[%emt 0:01:33]} Kb8 {[%emt 0:00:30]} 27. Kg1 {[%emt 0:09:55]} a6 {[%emt 0:06:05]} 28. Re1 {[%emt 0:01:27]} Qg5 {[%emt 0:01:21]} 29. a3 {[%emt 0:06:42]} d3 {[%emt 0:01:47]} 30. cxd3 {[%emt 0:00:58]} Rxd3 {[%emt 0:00:07]} 31. Qc4 {[%emt 0:00:40]} Qd8 {[%emt 0:02:59]} 32. Nc5 {[%emt 0:02:31]} Qd5 {[%emt 0:03:46]} 33. Qxd3 {[%emt 0:00:55]} Qxc5 {[%emt 0:00:01]} 34. Re8+ {[%emt 0:00:35]} Ka7 {[%emt 0:00:04]} 35. Qe3 {[%emt 0:00:21]} Kb6 {[%emt 0:00:35]} 36. Qxc5+ {[%emt 0:01:06]} Kxc5 {[%emt 0:00:02]} 37. Re4 {[%emt 0:01:33]} h5 {[%emt 0:00:18]} 38. Kf1 {[%emt 0:01:19]} b5 {[%emt 0:00:59]} 39. Rf4 {[%emt 0:04:22]} Nd4 {[%emt 0:00:44]} 40. Ke1 {[%emt 0:02:28]} Kc4 {[%emt 0:01:24]} 41. Kd2 {[%emt 0:31:42]} c5 {[%emt 0:30:46]} 42. b4 {[%emt 0:00:00]} Kd5 {[%emt 0:00:00]} 43. bxc5 {[%emt 0:00:00]} Kxc5 {[%emt 0:00:00]} 44. Kd3 {[%emt 0:00:00]} Nb3 {[%emt 0:00:00]} 45. Rf5+ {[%emt 0:00:00]} Kb6 {[%emt 0:00:00]} 46. Rxh5 {[%emt 0:00:00]} Ka5 {[%emt 0:00:00]} 47. Kc3 {[%emt 0:00:00]} Ka4 {[%emt 0:00:00]} 48. Rh6 {[%emt 0:00:00]} a5 {[%emt 0:00:00]} 49. Rb6 {[%emt 0:00:00]} Nc1 {[%emt 0:00:00]} 50. Re6 {[%emt 0:00:00]} Kxa3 {[%emt 0:00:00]} 51. f4 {[%emt 0:00:00]} gxf3 {[%emt 0:00:00]} 52. gxf3 {[%emt 0:00:00]} b4+ {[%emt 0:00:00]} 53. Kc2 {[%emt 0:00:00]} b3+ {[%emt 0:02:10]} 54. Kxc1 {[%emt 0:00:00]} Ka2 {[%emt 0:00:06]} 55. Rb6 {[%emt 0:00:00]} a4 {[%emt 0:00:29]} 56. Rb4 {[%emt 0:00:00]} a3 {[%emt 0:02:40]} 57. Rxb3 {[%emt 0:00:00]} Kxb3 {[%emt 0:00:04]} 58. Kb1 {[%emt 0:00:00]} 1-0

[Event "GER-ch Women 2020"]
[Site "Magdeburg"]
[Date "2020.08.17"]
[Round "2.1"]
[White "Osmanodja, Filiz"]
[Black "Bashylina, Luisa"]
[Result "0-1"]
[WhiteElo "2293"]
[BlackElo "1975"]
[Annotator "ChessBase"]
[PlyCount "90"]
[EventDate "2020.08.16"]
[EventType "swiss"]
[EventCountry "GER"]
[SourceTitle "playchess.com"]
[Source "ChessBase"]
[SourceQuality "1"]
[TimeControl "40/5400+30:1800+30"]

1. e4 {[%emt 0:00:00]} e6 {[%emt 0:00:00]} 2. d4 {[%emt 0:00:00]} d5 {[%emt 0:00:00]} 3. Nc3 {[%emt 0:00:01]} Bb4 {[%emt 0:00:00]} 4. exd5 {[%emt 0:00:31]} exd5 {[%emt 0:00:00]} 5. Bd3 {[%emt 0:00:07]} Nf6 {[%emt 0:00:22]} 6. Nge2 {[%emt 0:00:50]} O-O {[%emt 0:02:21]} 7. O-O {[%emt 0:00:09]} h6 {[%emt 0:02:03]} 8. a3 {[%emt 0:02:24]} Be7 {[%emt 0:03:06]} 9. Ng3 {[%emt 0:01:35]} Re8 {[%emt 0:03:45]} 10. Nf5 {[%emt 0:01:11]} Bf8 {[%emt 0:00:54]} 11. Ne2 {[%emt 0:04:33]} Ne4 {[%emt 0:04:18]} 12. Neg3 {[%emt 0:06:15]} Nc6 {[%emt 0:17:14]} 13. c3 {[%emt 0:01:53]} Qf6 {[%emt 0:02:06]} 14. Ne3 {[%emt 0:02:29]} Qd8 {[%emt 0:11:12]} 15. Qf3 {[%emt 0:04:39]} Nf6 {[%emt 0:01:37]} 16. Nef5 {[%emt 0:05:17]} Be6 {[%emt 0:04:10]} 17. Bd2 {[%emt 0:01:18]} Na5 {[%emt 0:04:57]} 18. Rae1 {[%emt 0:02:03]} Nc4 {[%emt 0:04:09]} 19. Bc1 {[%emt 0:03:16]} c6 {[%emt 0:00:25]} 20. Re2 {[%emt 0:03:51]} b5 {[%emt 0:03:37]} 21. Rfe1 {[%emt 0:02:26]} a5 {[%emt 0:00:41]} 22. Nh5 {[%emt 0:06:47]} Nxh5 {[%emt 0:02:21]} 23. Qxh5 {[%emt 0:01:11]} Qf6 {[%emt 0:00:56]} 24. Qf3 {[%emt 0:05:46]} Kh8 {[%emt 0:02:38]} 25. Bf4 {[%emt 0:02:27]} Bd7 {[%emt 0:03:24]} 26. Nxh6 {[%emt 0:05:51]} Bd6 {[%emt 0:06:12]} 27. Rxe8+ {[%emt 0:21:35]} Rxe8 {[%emt 0:00:45]} 28. Rxe8+ {[%emt 0:00:02]} Bxe8 {[%emt 0:00:01]} 29. Nf5 {[%emt 0:06:08]} Bxf4 {[%emt 0:02:15]} 30. Qxf4 {[%emt 0:00:02]} Nxb2 {[%emt 0:00:51]} 31. Bc2 {[%emt 0:00:58]} a4 {[%emt 0:01:20]} 32. Qe3 {[%emt 0:04:10]} Bd7 {[%emt 0:03:12]} 33. g4 {[%emt 0:04:02]} Nc4 {[%emt 0:04:18]} 34. Qg3 {[%emt 0:01:31]} Bxf5 {[%emt 0:02:14]} 35. Bxf5 {[%emt 0:00:44]} g6 {[%emt 0:00:46]} 36. Bd7 {[%emt 0:00:57]} Nxa3 {[%emt 0:05:14]} 37. g5 {[%emt 0:00:01]} Qe7 {[%emt 0:00:50]} 38. Qh4+ {[%emt 0:01:11]} Kg8 {[%emt 0:00:11]} 39. Bxc6 {[%emt 0:00:32]} Qd6 {[%emt 0:02:07]} 40. Ba8 {[%emt 0:00:44]} Nb1 {[%emt 0:02:01]} 41. Qg4 {[%emt 0:03:52]} a3 {[%emt 0:02:23]} 42. Qf3 {[%emt 0:04:16]} Nd2 {[%emt 0:01:51]} 43. Qd1 {[%emt 0:02:14]} a2 {[%emt 0:00:27]} 44. Qa1 {[%emt 0:00:01]} Qa3 {[%emt 0:00:37]} 45. Bxd5 {[%emt 0:00:14]} Nb3 {[%emt 0:00:13]} 0-1

[Event "GER-ch Women 2020"]
[Site "Magdeburg"]
[Date "2020.08.17"]
[Round "2.2"]
[White "Butenandt, Svenja"]
[Black "Voicu-Jagodzinsky, Carmen"]
[Result "0-1"]
[WhiteElo "1879"]
[BlackElo "2244"]
[Annotator "ChessBase"]
[PlyCount "76"]
[EventDate "2020.08.16"]
[EventType "swiss"]
[EventCountry "GER"]
[SourceTitle "playchess.com"]
[Source "ChessBase"]
[SourceQuality "1"]
[TimeControl "40/5400+30:1800+30"]

1. d4 {[%emt 0:00:00]} d5 {[%emt 0:00:00]} 2. c4 {[%emt 0:00:00]} e6 {[%emt 0:00:00]} 3. Nc3 {[%emt 0:00:00]} c5 {[%emt 0:00:00]} 4. cxd5 {[%emt 0:00:36]} exd5 {[%emt 0:00:00]} 5. Nf3 {[%emt 0:00:22]} Nc6 {[%emt 0:00:00]} 6. dxc5 {[%emt 0:00:49]} d4 {[%emt 0:00:16]} 7. Na4 {[%emt 0:00:13]} Bxc5 {[%emt 0:00:45]} 8. Nxc5 {[%emt 0:00:25]} Qa5+ {[%emt 0:00:08]} 9. Bd2 {[%emt 0:00:26]} Qxc5 {[%emt 0:00:05]} 10. e3 {[%emt 0:00:36]} Qb6 {[%emt 0:15:55]} 11. exd4 {[%emt 0:13:41]} Qxb2 {[%emt 0:03:29]} 12. Qc1 {[%emt 0:02:22]} Qxc1+ {[%emt 0:01:59]} 13. Rxc1 {[%emt 0:00:07]} Be6 {[%emt 0:02:31]} 14. Bc4 {[%emt 0:07:57]} Bxc4 {[%emt 0:03:28]} 15. Rxc4 {[%emt 0:00:07]} Nge7 {[%emt 0:01:57]} 16. O-O {[%emt 0:01:04]} Rd8 {[%emt 0:01:01]} 17. Rd1 {[%emt 0:07:28]} f6 {[%emt 0:00:37]} 18. Be3 {[%emt 0:05:37]} Kf7 {[%emt 0:01:22]} 19. Rc5 {[%emt 0:08:45]} Rd5 {[%emt 0:02:06]} 20. Rxd5 {[%emt 0:01:42]} Nxd5 {[%emt 0:00:15]} 21. Rb1 {[%emt 0:02:47]} b6 {[%emt 0:03:32]} 22. Rc1 {[%emt 0:02:16]} Rc8 {[%emt 0:00:30]} 23. Kf1 {[%emt 0:07:13]} Ke6 {[%emt 0:01:06]} 24. g4 {[%emt 0:03:43]} Rc7 {[%emt 0:08:33]} 25. Re1 {[%emt 0:05:49]} Kd7 {[%emt 0:07:19]} 26. Rc1 {[%emt 0:01:54]} a5 {[%emt 0:06:45]} 27. g5 {[%emt 0:05:44]} Ncb4 {[%emt 0:09:06]} 28. Rxc7+ {[%emt 0:03:45]} Kxc7 {[%emt 0:00:38]} 29. gxf6 {[%emt 0:00:24]} gxf6 {[%emt 0:00:51]} 30. a3 {[%emt 0:06:12]} Nxe3+ {[%emt 0:01:45]} 31. fxe3 {[%emt 0:00:12]} Nc2 {[%emt 0:00:04]} 32. Ke2 {[%emt 0:00:23]} Nxa3 {[%emt 0:00:13]} 33. Kd3 {[%emt 0:00:18]} b5 {[%emt 0:08:44]} 34. Nd2 {[%emt 0:02:41]} f5 {[%emt 0:02:54]} 35. Kc3 {[%emt 0:01:19]} Kc6 {[%emt 0:03:38]} 36. Kb3 {[%emt 0:01:05]} b4 {[%emt 0:00:56]} 37. Ka4 {[%emt 0:02:45]} Kd5 {[%emt 0:00:53]} 38. Kxa5 {[%emt 0:00:52]} Nc4+ {[%emt 0:00:35]} 0-1

[Event "GER-ch Women 2020"]
[Site "Magdeburg"]
[Date "2020.08.17"]
[Round "2.3"]
[White "Vidonyak, Nellya"]
[Black "Hielscher, Ursula"]
[Result "1-0"]
[WhiteElo "2136"]
[BlackElo "1789"]
[Annotator "ChessBase"]
[PlyCount "77"]
[EventDate "2020.08.16"]
[EventType "swiss"]
[EventCountry "GER"]
[SourceTitle "playchess.com"]
[Source "ChessBase"]
[SourceQuality "1"]
[TimeControl "40/5400+30:1800+30"]

1. d4 {[%emt 0:00:00]} d5 {[%emt 0:00:00]} 2. e3 {[%emt 0:00:00]} c6 {[%emt 0:00:00]} 3. b3 {[%emt 0:00:33]} Bf5 {[%emt 0:00:35]} 4. Nf3 {[%emt 0:00:57]} e6 {[%emt 0:00:41]} 5. Be2 {[%emt 0:01:16]} Bb4+ {[%emt 0:00:36]} 6. c3 {[%emt 0:02:16]} Ba5 {[%emt 0:00:19]} 7. O-O {[%emt 0:02:00]} Nf6 {[%emt 0:01:44]} 8. b4 {[%emt 0:06:13]} Bc7 {[%emt 0:00:36]} 9. b5 {[%emt 0:03:11]} O-O {[%emt 0:03:48]} 10. a4 {[%emt 0:05:55]} cxb5 {[%emt 0:04:30]} 11. Bxb5 {[%emt 0:04:03]} a6 {[%emt 0:02:03]} 12. Be2 {[%emt 0:03:46]} Nbd7 {[%emt 0:02:12]} 13. Nbd2 {[%emt 0:06:20]} Rc8 {[%emt 0:06:04]} 14. Ba3 {[%emt 0:01:46]} Re8 {[%emt 0:02:00]} 15. Qb3 {[%emt 0:03:51]} b5 {[%emt 0:05:59]} 16. axb5 {[%emt 0:02:19]} axb5 {[%emt 0:00:05]} 17. Bxb5 {[%emt 0:00:59]} Rb8 {[%emt 0:00:23]} 18. c4 {[%emt 0:01:44]} dxc4 {[%emt 0:12:12]} 19. Qxc4 {[%emt 0:01:30]} e5 {[%emt 0:05:52]} 20. Rfc1 {[%emt 0:09:00]} Ba5 {[%emt 0:06:46]} 21. Bxd7 {[%emt 0:07:52]} Nxd7 {[%emt 0:02:13]} 22. e4 {[%emt 0:13:25]} Be6 {[%emt 0:09:40]} 23. d5 {[%emt 0:00:43]} Bg4 {[%emt 0:00:34]} 24. Qd3 {[%emt 0:02:08]} Bb4 {[%emt 0:09:16]} 25. Bxb4 {[%emt 0:04:41]} Rxb4 {[%emt 0:00:02]} 26. h3 {[%emt 0:00:23]} Bh5 {[%emt 0:00:44]} 27. Qc3 {[%emt 0:01:31]} Rb8 {[%emt 0:04:36]} 28. Ra7 {[%emt 0:01:38]} Ra8 {[%emt 0:04:38]} 29. Rc7 {[%emt 0:02:18]} f6 {[%emt 0:02:34]} 30. Qc6 {[%emt 0:01:50]} Re7 {[%emt 0:01:55]} 31. d6 {[%emt 0:04:56]} Rf7 {[%emt 0:00:25]} 32. Nh4 {[%emt 0:01:04]} Nf8 {[%emt 0:01:05]} 33. Nf5 {[%emt 0:00:34]} Ne6 {[%emt 0:01:15]} 34. Ne7+ {[%emt 0:01:51]} Kh8 {[%emt 0:01:21]} 35. Rc8 {[%emt 0:02:07]} Rxc8 {[%emt 0:00:08]} 36. Qxc8 {[%emt 0:00:19]} Qxc8 {[%emt 0:00:26]} 37. Rxc8+ {[%emt 0:00:07]} Rf8 {[%emt 0:00:16]} 38. d7 {[%emt 0:00:38]} Nd8 {[%emt 0:00:49]} 39. Nc6 {[%emt 0:00:27]} 1-0

[Event "GER-ch Women 2020"]
[Site "Magdeburg"]
[Date "2020.08.17"]
[Round "2.4"]
[White "Heutling, Elina"]
[Black "Burchardt, Brigitte"]
[Result "0-1"]
[WhiteElo "1833"]
[BlackElo "2091"]
[Annotator "ChessBase"]
[PlyCount "78"]
[EventDate "2020.08.16"]
[EventType "swiss"]
[EventCountry "GER"]
[SourceTitle "playchess.com"]
[Source "ChessBase"]
[SourceQuality "1"]
[TimeControl "40/5400+30:1800+30"]

1. e4 {[%emt 0:00:00]} c5 {[%emt 0:00:00]} 2. Nf3 {[%emt 0:00:00]} d6 {[%emt 0:00:00]} 3. d4 {[%emt 0:00:00]} cxd4 {[%emt 0:00:00]} 4. Nxd4 {[%emt 0:00:00]} Nf6 {[%emt 0:00:00]} 5. Nc3 {[%emt 0:00:00]} a6 {[%emt 0:00:00]} 6. Be3 {[%emt 0:00:19]} e5 {[%emt 0:01:14]} 7. Nb3 {[%emt 0:00:09]} Be6 {[%emt 0:01:45]} 8. f3 {[%emt 0:01:34]} Nbd7 {[%emt 0:03:14]} 9. Qd2 {[%emt 0:02:30]} Rc8 {[%emt 0:03:21]} 10. g4 {[%emt 0:06:49]} Nb6 {[%emt 0:02:56]} 11. Qf2 {[%emt 0:09:50]} Nfd7 {[%emt 0:05:05]} 12. O-O-O {[%emt 0:04:24]} Be7 {[%emt 0:08:55]} 13. h4 {[%emt 0:06:18]} O-O {[%emt 0:03:55]} 14. g5 {[%emt 0:11:10]} Rxc3 {[%emt 0:20:46]} 15. bxc3 {[%emt 0:08:25]} d5 {[%emt 0:00:04]} 16. Nc5 {[%emt 0:13:47]} Nxc5 {[%emt 0:08:26]} 17. Bxc5 {[%emt 0:00:41]} Na4 {[%emt 0:00:29]} 18. Bxe7 {[%emt 0:06:06]} Qxe7 {[%emt 0:00:05]} 19. Rd3 {[%emt 0:07:08]} dxe4 {[%emt 0:00:45]} 20. fxe4 {[%emt 0:00:27]} Bc4 {[%emt 0:00:18]} 21. Qd2 {[%emt 0:08:03]} Qa3+ {[%emt 0:01:06]} 22. Kd1 {[%emt 0:00:06]} Bxd3 {[%emt 0:01:03]} 23. Bxd3 {[%emt 0:00:28]} Nxc3+ {[%emt 0:02:44]} 24. Ke1 {[%emt 0:00:07]} Qc5 {[%emt 0:09:29]} 25. h5 {[%emt 0:05:40]} Nb1 {[%emt 0:07:03]} 26. Qc1 {[%emt 0:03:55]} Qb4+ {[%emt 0:01:40]} 27. Kf2 {[%emt 0:01:34]} Nc3 {[%emt 0:00:03]} 28. Qe1 {[%emt 0:01:38]} f5 {[%emt 0:01:01]} 29. exf5 {[%emt 0:01:03]} e4 {[%emt 0:00:42]} 30. Be2 {[%emt 0:00:17]} Rxf5+ {[%emt 0:00:29]} 31. Kg2 {[%emt 0:00:28]} Rxg5+ {[%emt 0:00:35]} 32. Kh3 {[%emt 0:00:38]} e3 {[%emt 0:06:46]} 33. Rf1 {[%emt 0:01:19]} h6 {[%emt 0:01:37]} 34. Bf3 {[%emt 0:00:59]} Qc5 {[%emt 0:01:46]} 35. a3 {[%emt 0:00:51]} Qf5+ {[%emt 0:02:21]} 36. Kh2 {[%emt 0:00:26]} Qf4+ {[%emt 0:00:56]} 37. Kh1 {[%emt 0:00:22]} Ne4 {[%emt 0:00:34]} 38. Bxe4 {[%emt 0:00:26]} Qxe4+ {[%emt 0:00:12]} 39. Kh2 {[%emt 0:00:05]} Qg2# {[%emt 0:00:04]} 0-1

[Event "GER-ch Women 2020"]
[Site "Magdeburg"]
[Date "2020.08.17"]
[Round "2.5"]
[White "Von Herman, Brigitte"]
[Black "Stowicek, Yara Mathilda"]
[Result "1/2-1/2"]
[WhiteElo "2085"]
[BlackElo "1674"]
[Annotator "ChessBase"]
[PlyCount "88"]
[EventDate "2020.08.16"]
[EventType "swiss"]
[EventCountry "GER"]
[SourceTitle "playchess.com"]
[Source "ChessBase"]
[SourceQuality "1"]
[TimeControl "40/5400+30:1800+30"]

1. e4 {[%emt 0:00:00]} e5 {[%emt 0:00:00]} 2. Nf3 {[%emt 0:00:00]} Nc6 {[%emt 0:00:00]} 3. Bc4 {[%emt 0:00:00]} Bc5 {[%emt 0:00:01]} 4. d3 {[%emt 0:00:46]} Nf6 {[%emt 0:00:43]} 5. O-O {[%emt 0:00:32]} d6 {[%emt 0:00:43]} 6. c3 {[%emt 0:00:26]} O-O {[%emt 0:01:48]} 7. Nbd2 {[%emt 0:01:24]} a6 {[%emt 0:00:26]} 8. Bb3 {[%emt 0:00:09]} Ba7 {[%emt 0:00:38]} 9. h3 {[%emt 0:00:17]} Be6 {[%emt 0:09:45]} 10. Re1 {[%emt 0:05:27]} h6 {[%emt 0:03:36]} 11. Nf1 {[%emt 0:01:15]} Qd7 {[%emt 0:06:30]} 12. Ng3 {[%emt 0:04:21]} Ne7 {[%emt 0:02:30]} 13. d4 {[%emt 0:11:11]} Bxb3 {[%emt 0:05:33]} 14. axb3 {[%emt 0:06:51]} Ng6 {[%emt 0:01:23]} 15. Be3 {[%emt 0:07:08]} Rfe8 {[%emt 0:02:26]} 16. d5 {[%emt 0:07:16]} Nf4 {[%emt 0:10:21]} 17. Nh4 {[%emt 0:07:06]} Kh7 {[%emt 0:09:41]} 18. Bxa7 {[%emt 0:08:58]} Rxa7 {[%emt 0:00:15]} 19. Qf3 {[%emt 0:00:13]} Raa8 {[%emt 0:06:59]} 20. Ne2 {[%emt 0:01:31]} N6h5 {[%emt 0:04:22]} 21. g4 {[%emt 0:04:53]} Nxe2+ {[%emt 0:01:09]} 22. Rxe2 {[%emt 0:04:03]} Nf4 {[%emt 0:00:18]} 23. Ree1 {[%emt 0:01:55]} Rf8 {[%emt 0:08:56]} 24. Ng2 {[%emt 0:00:23]} Nxg2 {[%emt 0:01:10]} 25. Kxg2 {[%emt 0:00:10]} g6 {[%emt 0:00:59]} 26. Qf6 {[%emt 0:03:38]} Qd8 {[%emt 0:01:14]} 27. Qxd8 {[%emt 0:00:31]} Raxd8 {[%emt 0:00:05]} 28. Ra4 {[%emt 0:07:13]} f5 {[%emt 0:01:15]} 29. gxf5 {[%emt 0:01:53]} gxf5 {[%emt 0:00:28]} 30. f4 {[%emt 0:01:47]} Rd7 {[%emt 0:07:38]} 31. exf5 {[%emt 0:05:59]} Rg7+ {[%emt 0:03:09]} 32. Kh1 {[%emt 0:03:41]} Rxf5 {[%emt 0:00:45]} 33. fxe5 {[%emt 0:01:10]} dxe5 {[%emt 0:02:46]} 34. Rb4 {[%emt 0:01:03]} Rf3 {[%emt 0:02:38]} 35. Kh2 {[%emt 0:00:55]} Rf2+ {[%emt 0:01:20]} 36. Kh1 {[%emt 0:00:02]} Rgg2 {[%emt 0:01:44]} 37. Rxb7 {[%emt 0:00:25]} Rh2+ {[%emt 0:01:51]} 38. Kg1 {[%emt 0:00:05]} Rfg2+ {[%emt 0:00:14]} 39. Kf1 {[%emt 0:00:09]} Rf2+ {[%emt 0:02:07]} 40. Kg1 {[%emt 0:00:06]} Rfg2+ {[%emt 0:00:19]} 41. Kf1 {[%emt 0:30:38]} Rxb2 {[%emt 0:31:58]} 42. Rxc7+ {[%emt 0:00:43]} Kg6 {[%emt 0:00:44]} 43. Kg1 {[%emt 0:00:17]} Rhg2+ {[%emt 0:00:00]} 44. Kh1 {[%emt 0:00:00]} Rh2+ 1/2-1/2